000 00504nam a2200157 i 4500
001 104592
003 ES-MaACL
005 20230906183637.0
007 t|
008 051202s1953 it ||||1| ita d
110 1 _aItalia.
_bMinistero della Pubblica Instruzione.
_95318
245 1 3 _aLa scuola italiana dal 1946 al 1953 /
_cMinistero della Pubblica Instruzione.
260 _aRoma :
_bInstituto Poligrafico dello Stato,
_c1953.
300 _a344 p. ;
_c24 cm.
852 _aES-MaACL
_jC-21844
_bR.50221
999 _c104592
_d104592